Определение эффективности осаждения твердых дисперсных частиц в аппаратах с прямоугольными сепараторами; Перспективы развития фундаментальных наук; Т. 2 : Химия

Dades bibliogràfiques
Parent link:Перспективы развития фундаментальных наук=Prospects of Fundamental Sciences Development: сборник научных трудов XV Международной конференции студентов, аспирантов и молодых ученых, г. Томск, 24-27 апреля 2018 г./ Национальный исследовательский Томский политехнический университет (ТПУ) ; под ред. И. А. Курзиной, Г. А. Вороновой.— , 2018
Т. 2 : Химия.— 2018.— [С. 195-197]
Autor principal: Мадышев И. Н.
Autor corporatiu: Казанский национальный исследовательский технологический университет (КНИТУ)
Altres autors: Дмитриева О. С. (научный руководитель), Дмитриев А. В.
Sumari:Заглавие с экрана
The developed design of dust removal apparatus, characterized by low hydraulic resistance and high removal efficiency of fine particulate matter. The influence of structural and process parameters on the deposition efficiency is investigated.
Idioma:rus
Publicat: 2018
Matèries:
Accés en línia:http://earchive.tpu.ru/handle/11683/50761
Format: Electrònic Capítol de llibre
KOHA link:https://koha.lib.tpu.ru/cgi-bin/koha/opac-detail.pl?biblionumber=627540

MARC

LEADER 00000naa2a2200000 4500
001 627540
005 20231101133451.0
035 |a (RuTPU)RU\TPU\conf\27435 
035 |a RU\TPU\conf\27434 
090 |a 627540 
100 |a 20180912d2018 k y0rusy50 ca 
101 0 |a rus  |d eng 
102 |a RU 
105 |a y z 100zy 
135 |a drgn ---uucaa 
181 0 |a i  
182 0 |a b 
200 1 |a Определение эффективности осаждения твердых дисперсных частиц в аппаратах с прямоугольными сепараторами  |d Determination of efficiency of deposition of dispersed particles in the apparatus with a rectangular separators  |f И. Н. Мадышев, О. С. Дмитриева  |g науч. рук. А. В. Дмитриев 
203 |a Текст  |c электронный 
230 |a 1 компьютерный файл (pdf; 334 Kb) 
300 |a Заглавие с экрана 
320 |a [Библиогр.: с. 197 (3 назв.)] 
330 |a The developed design of dust removal apparatus, characterized by low hydraulic resistance and high removal efficiency of fine particulate matter. The influence of structural and process parameters on the deposition efficiency is investigated. 
461 1 |0 (RuTPU)RU\TPU\conf\26928  |t Перспективы развития фундаментальных наук  |l Prospects of Fundamental Sciences Development  |o сборник научных трудов XV Международной конференции студентов, аспирантов и молодых ученых, г. Томск, 24-27 апреля 2018 г.  |o в 7 т.  |f Национальный исследовательский Томский политехнический университет (ТПУ) ; под ред. И. А. Курзиной, Г. А. Вороновой  |d 2018 
463 1 |0 (RuTPU)RU\TPU\conf\26930  |t Т. 2 : Химия  |v [С. 195-197]  |d 2018 
510 1 |a Determination of efficiency of deposition of dispersed particles in the apparatus with a rectangular separators  |z eng 
610 1 |a электронный ресурс 
610 1 |a эффективность 
610 1 |a осаждение 
610 1 |a твердые частицы 
610 1 |a дисперсные частицы 
610 1 |a сепараторы 
610 1 |a очистка 
610 1 |a газы 
700 1 |a Мадышев  |b И. Н. 
701 1 |a Дмитриева  |b О. С. 
702 1 |a Дмитриев  |b А. В.  |4 727 
712 0 2 |a Казанский национальный исследовательский технологический университет (КНИТУ)  |c (2011- )  |2 stltpush  |3 (RuTPU)RU\TPU\col\18269 
801 2 |a RU  |b 63413507  |c 20181005  |g RCR 
856 4 |u http://earchive.tpu.ru/handle/11683/50761 
942 |c BK